McGraw-Hill circuit encylopedia & troubleshooting guide : Volume 3

Bibliographic Details
Main Author: Lenk, John D.
Format: Book
Published: New York : McGraw-Hill , 1993
Subjects:

MARC

LEADER 00000cam a2200000 7i4500
001 0000014044
005 20050616.0
020 |a 0070377170 
040 |a INS 
090 0 0 |a TK7867   |b L463 1993 
100 1 |a Lenk, John D. 
245 1 0 |a McGraw-Hill circuit encylopedia & troubleshooting guide :   |b Volume 3   |c John D. Lenk 
260 |a New York :   |b McGraw-Hill ,   |c 1993 
300 |a ix :   |b 706p. ;   |c 24cm. 
650 0 0 |a Electronic circuits 
650 0 0 |a Electronic circuits   |x Testing 
999 |a 0000009458   |b BOOK   |c Open Shelf   |e Default branch